Vista normal
Vista MARC
Entrada Personal Name
Número de registros utilizados en: 1
001 - CONTROL NUMBER
- control field: 9022
003 - CONTROL NUMBER IDENTIFIER
- control field: OSt
005 - DATE AND TIME OF LATEST TRANSACTION
- control field: 20200820121657.0
008 - FIXED-LENGTH DATA ELEMENTS
- fixed length control field: 200820|| aca||aabn | a|a d
040 ## - CATALOGING SOURCE
- Original cataloging agency: OSt
- Transcribing agency: OSt
100 ## - HEADING--PERSONAL NAME
- Personal name: Soto Moreno, José
670 ## - SOURCE DATA FOUND
- Source citation: Work cat.: (OSt)6015: Garavito Beltran, Liz, autora 9019, Evaluación y Propuesta de Ajuste a la Operación del Régimen Subsidiado Colombiano y acuerdo 415 de 2009 /, 2009.